Sports Quiz

Random Sports or MLB Quiz

7 Ways to Reach First Quiz Stats

 Plays Quiz Updated Mar 30, 2018

Score 0/7 Timer 02:00
63 Plays Today
Ways to Reach % Correct
Hit
99.4%
Base on Balls
98.3%
Hit by Pitch
88.8%
Dropped Strike Three
67.2%
Error
66.1%
Fielder's Choice
46.4%
Catcher's Interference
36.5%

You're not logged in!

Compare scores with friends on all Sporcle quizzes.
OR
Log In

Sporcle TV

Today on Sporcle TV


Watch our educational content, quiz creation guides, and fun videos on Sporcle TV.

Show Comments

Extras

Top Quizzes Today


Score Distribution

Your Account Isn't Verified!

In order to create a playlist on Sporcle, you need to verify the email address you used during registration. Go to your Sporcle Settings to finish the process.

Report this User

Report this user for behavior that violates our Community Guidelines.

Details: